00355 a2200133 4500003000400000005001700004008004100021040000900062082001500071100002700086245007000113260002900183300000900212OSt20231108121725.0231108b |||||||| |||| 00| 0 eng d coclc a297bKIN/I aKinalur, Mujeeb Rahman aIslamophobia vamshaveriyude rashtreeyam /cMujeeburrahman Kinalur aKerala:bYuvatha,c2015. a231p